| 000 | 00588nam a2200181 4500 | ||
|---|---|---|---|
| 999 |
_c164469 _d164469 |
||
| 005 | 20190521113703.0 | ||
| 010 | _aENG-125244 | ||
| 020 |
_a9789380574097 _c350.00 |
||
| 035 | _aEN-108776 | ||
| 037 | _bDBAD/PUB | ||
| 082 | _a331.041 | ||
| 100 | _aBacchetta, Marc | ||
| 245 |
_aGlobalization and informal jobs in developing countries / _cby Marc Bacchetta |
||
| 260 |
_aNew Delhi _bBookwell _c2010 |
||
| 270 |
_a24/4800, Ansari Road, Darya Ganj _bNew Delhi _e110002 _k91-11-23268786 _mbookwell@vsnl.net |
||
| 300 |
_a187p. _c24cm(pbk) |
||
| 942 |
_2ddc _cEN _h331.041 _mBAC |
||